US States Quiz by Non-Repeating Letters - Statistics

General Stats
  • This quiz has been taken 841 times
  • The average score is 33 of 50
Answers on the Map
Answers color-coded by a green-red scale on the quiz's map according to % correct below.
 
Answer Stats
State % Correct
Mississippi
95%
Tennessee
92%
Texas
87%
Florida
86%
Idaho
84%
Maine
79%
Alaska
78%
Iowa
78%
Nevada
78%
Utah
78%
California
77%
Oregon
77%
Arizona
76%
Montana
75%
Indiana
74%
New York
74%
Colorado
73%
Hawaii
73%
Alabama
72%
Ohio
72%
Washington
72%
Wyoming
72%
Kansas
71%
New Mexico
71%
Georgia
70%
Arkansas
68%
Illinois
68%
Michigan
68%
Oklahoma
68%
Louisiana
67%
Vermont
66%
Nebraska
65%
North Dakota
63%
Missouri
62%
Wisconsin
61%
Minnesota
60%
Kentucky
59%
South Dakota
59%
Virginia
58%
New Jersey
55%
Maryland
51%
Delaware
49%
West Virginia
48%
South Carolina
46%
Pennsylvania
43%
North Carolina
42%
Massachusetts
38%
New Hampshire
38%
Rhode Island
37%
Connecticut
36%
No matching quizzes found
Score Distribution
Percent of People with Each Score
Percentile by Number Answered
Your Score History
You have not taken this quiz